Welche Stadt mit E? - Statistiken

Allgemein
  • Dieses Quiz wurde 81 mal gespielt
  • Das Durchschnittsergebnis liegt bei 9 aus 16
Antwortstatistiken
Hinweis Stadt % Korrekt
wer Hunger hat sollte... Essen
100%
hügelige schottische Stadt, auf dem Castle Rock thront die gleichnamige Burg Edinburgh
96%
Großstadt nördlich von Nürnberg Erlangen
78%
ehemalige kreisfreie Stadt; hier befindet sich die Wartburg Eisenach
74%
niederländische Stadt des Lichts, da hier die Marke Philips gegründet wurde Eindhoven
65%
kreisfreie Stadt an der Emsmündung Emden
65%
der Name dieser Grenzstadt ist spanisch für "der Pass" El Paso
60%
niederländische Großstadt nahe der deutschen Grenze Enschede
50%
über die Krämerbrücke gelangt man in die Altstadt zur ältesten Synagoge Europas Erfurt
43%
westlich gelegene Nachbarstadt Helsinkis Espoo
43%
zweitgrößte Stadt in Luxemburg Esch an der Alzette
42%
2000 Jahre alte Stadt im Süden Englands; zwischen Plymouth und Bristol gelegen Exeter
38%
Kreisstadt in NRW am Rande der Eifel Euskirchen
35%
kleinste österreichische Landeshauptstadt Eisenstadt
33%
Stadt geprägt von der Erdölindustrie; hier befand sich von 1981 - 2004 das größte Einkaufszentrum der Welt Edmonton
21%
Sitz der autonomen Region Kurdistan Erbil
19%
Keine übereinstimmenden Quizze gefunden
Verteilung der Resultate
Anzahl Personen mit jedem Resultat
Perzentil nach korrekt beantworteten Fragen
Ihre Resultats-Entwicklung
Sie haben dieses Quiz noch nicht gespielt